[Event "Mondorf op"]
[Site "Mondorf"]
[Date "1991.??.??"]
[Round "5"]
[White "Van Wely, Loek"]
[Black "Van der Wiel, John TH"]
[Result "0-1"]
[WhiteElo "2475"]
[BlackElo "2530"]

1.Nf3 Nf6 2.d4 e6 3.g3 c5 4.Bg2 d5 5.O-O cxd4 6.Nxd4 Qb6 7.c4 dxc4 8.a4 a6
9.a5 Qc7 10.Qc2 e5 11.Nf3 h6 12.Nbd2 Be6 13.b3 c3 14.Nc4 Nc6 15.Qxc3 Bb4
16.Qc2 e4 17.Bf4 Qe7 18.Nfe5 Nd4 19.Qa2 O-O 20.Rac1 Rad8 21.Qb2 Nd5 22.Qxd4 Nxf4
23.Qxe4 Nxg2 24.Qxg2 Rfe8 25.Nd3 Bd5 26.f3 Bxc4 27.Rxc4 Bxa5 28.Rc2 Qe6 29.b4 Bxb4
30.Rb1 Ba5 31.h4 Rc8 32.e4 Rxc2 33.Qxc2 Rc8 34.Qa4 Qh3 35.Qxa5 Rc2  0-1

[Event "Mondorf op"]
[Site "Mondorf"]
[Date "1991.??.??"]
[Round "9"]
[White "Van Wely, Loek"]
[Black "Gurevich, Vladimir"]
[Result "1-0"]
[WhiteElo "2475"]
[BlackElo "2440"]

1.d4 Nf6 2.c4 e6 3.Nc3 Bb4 4.g3 c5 5.Nf3 cxd4 6.Nxd4 O-O 7.Bg2 d5 8.O-O dxc4
9.Qa4 Qb6 10.Ndb5 Na6 11.a3 Be7 12.Qxc4 Bd7 13.Be3 Bc5 14.Bxc5 Nxc5 15.Rad1 a6
16.Nd6 Rab8 17.Qd4 Bc6 18.Nc4 Qb3 19.Bxc6  1-0

[Event "Vienna op"]
[Site "Vienna"]
[Date "1991.??.??"]
[Round "7"]
[White "Van Wely, Loek"]
[Black "Lendwai, Reinhard"]
[Result "1-0"]
[WhiteElo "2475"]
[BlackElo "2405"]

1.d4 Nf6 2.Nf3 b6 3.g3 Bb7 4.Bg2 e6 5.c4 Be7 6.O-O O-O 7.Nc3 Ne4 8.Bd2 f5
9.d5 Bf6 10.Rc1 Na6 11.a3 Nac5 12.b4 Nxc3 13.Bxc3 Ne4 14.Bxf6 Qxf6 15.Qb3 c5
16.dxc6 Bxc6 17.Qe3 d5 18.Nd4 Bb7 19.f3 e5 20.Nxf5 d4 21.Qd3 Qxf5 22.fxe4 Qe6
23.Rxf8+ Rxf8 24.c5 bxc5 25.Rxc5 Kh8 26.Bf3 Qf6 27.Rc7 Qb6 28.Qc4 d3+ 29.Qc5 Ba6
30.Qxb6 axb6 31.Kf2 dxe2 32.Rc3 g6 33.a4 Bc4 34.Ke1 h5 35.Bxe2 Bxe2 36.Kxe2 Rd8
37.a5 bxa5 38.bxa5 Rd4 39.Ra3 Rxe4+ 40.Kf3 Rc4 41.a6 Rc8 42.a7 Ra8 43.Ke4 Kg7
44.Kxe5  1-0

[Event "Vienna op"]
[Site "Vienna"]
[Date "1991.??.??"]
[Round "9"]
[White "Van Wely, Loek"]
[Black "Pigusov, Evgeny"]
[Result "1/2-1/2"]
[WhiteElo "2475"]
[BlackElo "2540"]

1.d4 Nf6 2.c4 e6 3.Nc3 d5 4.Nf3 Be7 5.Bg5 h6 6.Bxf6 Bxf6 7.e3 O-O 8.Qc2 Na6
9.Rd1 c5 10.dxc5 Qa5 11.cxd5 Nxc5 12.Nd4 exd5 13.Bd3 Nxd3+ 14.Qxd3 Be6 15.O-O Rfd8
16.Qb5 Qxb5 17.Ncxb5 Rac8 18.Rc1 a6 19.Nc7 Bxd4 20.exd4 Bd7 21.f3 Bc6 22.Rxc6 bxc6
23.Nxa6 Rd7 24.Rc1 Rb7 25.b3 Kf8 26.Nc5 Rb4 27.Rd1 Ra8 28.a4 Ke7 29.Kf2 Ra5
30.Rc1 Rxd4 31.Re1+ Kf6 32.Nd7+ Kg5 33.Re5+ Kg6 34.Nf8+ Kf6 35.Nd7+ Kg6 36.Nf8+ Kf6
37.Nd7+ Kg6  1/2-1/2

[Event "EU-chT (Men)"]
[Site "Debrecen"]
[Date "1992.??.??"]
[Round "2"]
[White "Nevednichy, Vladislav"]
[Black "Van Wely, Loek"]
[Result "1/2-1/2"]
[WhiteElo "2470"]
[BlackElo "2560"]

1.e4 d6 2.d4 Nf6 3.Nc3 g6 4.f4 Bg7 5.Nf3 c5 6.Bb5+ Bd7 7.Bxd7+ Qxd7 8.d5 Na6
9.O-O Nc7 10.Qe2 b5 11.Bd2 b4 12.Nd1 Qb5 13.Qxb5+ Nxb5 14.c4 bxc3 15.Nxc3 Rb8
16.e5 Nd7 17.Nxb5 Rxb5 18.exd6 exd6 19.Rae1+ Kf8 20.b3 Nf6 21.Ng5 h6 22.Ne4 Nxe4
23.Rxe4 Bd4+ 24.Be3 Bxe3+ 25.Rxe3 Kg7 26.Re7 a5 27.Rd7 Re8 28.Rxd6 a4 29.Rf3 Re4
30.Rf1 Re2 31.Rf2 Re1+ 32.Rf1 Re2  1/2-1/2

[Event "EU-chT (Men)"]
[Site "Debrecen"]
[Date "1992.??.??"]
[Round "3"]
[White "Van Wely, Loek"]
[Black "Donchev, Dimitar I"]
[Result "0-1"]
[WhiteElo "2560"]
[BlackElo "2520"]

1.d4 e6 2.c4 f5 3.g3 Nf6 4.Bg2 Be7 5.Nf3 O-O 6.d5 Ne4 7.O-O d6 8.dxe6 Nc6
9.Nc3 Nxc3 10.bxc3 Bxe6 11.Nd4 Nxd4 12.Qxd4 Bf6 13.Qd3 Rb8 14.Rb1 Qc8 15.Be3 b6
16.Bd5 Kh8 17.Bxe6 Qxe6 18.Rb5 Be5 19.Bd4 a6 20.Rb2 f4 21.a4 Rf5 22.g4 Rg5
23.f3 Re8 24.Bf2 Bf6 25.Ra1 Ra5 26.Kg2 g6 27.h4 Qe7 28.Kh3 Qg7 29.Bd4 Bxd4
30.Qxd4 Qe5 31.Raa2 h6 32.Kg2 Kg7 33.Rd2 Qf6 34.Qxf6+ Kxf6 35.Kf2 Re3 36.Rd3 Rxd3
37.exd3 b5 38.Ke1 bxc4 39.dxc4 Rc5 40.Kd2 Rxc4 41.Kd3 Rc5 42.Rb2 Re5 43.Rb7 Re3+
44.Kc4 Rxf3 45.Rxc7 Rg3 46.h5 Rxg4 47.hxg6 Rxg6 48.Kd4 Kf5 49.Ra7 Re6 50.Rxa6 f3
51.Ra5+ Kg4 52.Ra8 Rf6 53.Rg8+ Kh3  0-1

[Event "EU-chT (Men)"]
[Site "Debrecen"]
[Date "1992.??.??"]
[Round "6"]
[White "Lutz, Christopher"]
[Black "Van Wely, Loek"]
[Result "0-1"]
[WhiteElo "2540"]
[BlackElo "2560"]

1.e4 c5 2.Nf3 d6 3.d4 cxd4 4.Nxd4 Nf6 5.Nc3 a6 6.f4 e6 7.Qf3 Qb6 8.a3 Nc6
9.Nb3 Qc7 10.Bd3 g6 11.Bd2 Bg7 12.g4 b5 13.g5 Nd7 14.Qf2 Nb6 15.Qe2 Na4 16.Rb1 Nxc3
17.bxc3 O-O 18.h4 Bb7 19.h5 Rfe8 20.hxg6 hxg6 21.Rh4 Na5 22.Nxa5 Qxa5 23.Qh2 Qxa3
24.Ke2 d5 25.Rh7 dxe4 26.Bxb5 Red8 27.Rxg7+ Kxg7 28.f5 Rxd2+ 29.Kxd2 Rd8+
30.Bd3 Rxd3+ 31.Ke2 Rxc3 32.Kd1 exf5 33.Rxb7 Qa1+  0-1

[Event "Dortmund op-A"]
[Site "Dortmund"]
[Date "1992.??.??"]
[Round "2"]
[White "Cladouras, Panagiotis"]
[Black "Van Wely, Loek"]
[Result "0-1"]
[WhiteElo "2365"]
[BlackElo "2560"]

1.e4 d6 2.d4 g6 3.Nf3 Bg7 4.Bd3 Nd7 5.O-O e5 6.c3 Ngf6 7.Re1 O-O 8.Nbd2 b6
9.Nf1 Bb7 10.Ng3 Re8 11.d5 c6 12.c4 a6 13.h4 b5 14.Bf1 Nc5 15.b4 Na4 16.h5 Rc8
17.hxg6 hxg6 18.Bg5 Qd7 19.Nd2 cxd5 20.Bxf6 Bxf6 21.cxd5 Bg5 22.Nf3 Bf4 23.Ne2 Bh6
24.Ng3 Qe7 25.Nh2 Qh4 26.Qg4 Qxg4 27.Nxg4 Bg5 28.Be2 Kg7 29.Bd1 Nb2 30.Re2 Nd3
31.Rb1 Rc3 32.Rc2 Rec8 33.Rxc3 Rxc3 34.a4 Bc8 35.axb5 axb5 36.Nh2 Bd8 37.Be2 Nxf2
38.Kxf2 Bb6+ 39.Ke1 Rxg3 40.Bf3 f5 41.Nf1 Rg5 42.Rc1 fxe4 43.Rxc8 exf3 44.gxf3 e4
45.fxe4 Bd4 46.Ke2 Rg2+ 47.Kd3 Be5 48.Nd2 Bf4 49.Nf3 g5 50.e5 g4 51.exd6 gxf3
52.d7 Bg5 53.d8=Q Bxd8 54.Rxd8 Rb2 55.Rc8 f2 56.Rc1 Kf6 57.Kd4 Rxb4+ 58.Ke3 Rb2
59.Rf1 Ke5 60.d6 Kxd6 61.Rxf2 Rxf2  0-1

[Event "Dortmund op-A"]
[Site "Dortmund"]
[Date "1992.??.??"]
[Round "6"]
[White "Grivas, Efstratios"]
[Black "Van Wely, Loek"]
[Result "1/2-1/2"]
[WhiteElo "2465"]
[BlackElo "2560"]

1.d4 Nf6 2.c4 g6 3.Nc3 Bg7 4.e4 d6 5.Nf3 O-O 6.h3 e5 7.d5 Na6 8.Bg5 h6 9.Be3 Nc5
10.Nd2 a5 11.g4 Bd7 12.Be2 c6 13.f3 a4 14.Nf1 Qa5 15.Qd2 Rfc8 16.Rb1 Kh7
17.Ng3 Na6 18.dxc6 bxc6 19.h4 Be6 20.g5 Nd7 21.h5 a3 22.b3 Nb4 23.Kf2 d5
24.cxd5 cxd5 25.hxg6+ fxg6 26.gxh6 Bf8 27.exd5 Nxd5 28.Nxd5 Qxd2 29.Bxd2 Bxd5
30.Rhc1 Bc5+ 31.Be3 Bxe3+ 32.Kxe3 Kxh6 33.Bc4 Nb6 34.Bd3  1/2-1/2

[Event "Dortmund op-A"]
[Site "Dortmund"]
[Date "1992.??.??"]
[Round "7"]
[White "Van Wely, Loek"]
[Black "Mainka, Romuald"]
[Result "0-1"]
[WhiteElo "2560"]
[BlackElo "2455"]

1.d4 Nf6 2.c4 c5 3.d5 b5 4.cxb5 a6 5.b6 g6 6.Nc3 Bg7 7.e4 O-O 8.Qb3 Bb7 9.Nf3 d6
10.Nd2 e6 11.dxe6 Nc6 12.exf7+ Kh8 13.Bc4 Nd4 14.Qd1 d5 15.exd5 Qe7+ 16.Ne2 Bxd5
17.Bxd5 Nxd5 18.Nb3 Nxb3 19.Qxb3 Rad8 20.b7 Nb4 21.Be3 c4 22.Qxc4 Nd3+ 23.Kf1 Nxb2
24.Qb3 Rb8 25.Bd4 Bxd4 26.Nxd4 Rxb7 27.Qe6 Qxf7 28.Qxf7 Rbxf7 29.f3 Rd7 30.Nb3 Rc8
31.Kf2 a5 32.Nxa5 Rc2+ 33.Kg3 Rd5 34.Nb3 Rg5+ 35.Kf4 Rgxg2 36.Nd4 Rc5 37.Ke4 Rc8
38.f4 Rd2 39.Nb3 Re8+ 40.Kf3 Rde2 41.Kg4 Nd3 42.Rhf1 R8e3 43.f5 Rg2+ 44.Kh4 g5+  0-1

[Event "Dortmund op-A"]
[Site "Dortmund"]
[Date "1992.??.??"]
[Round "8"]
[White "Borngaesser, Rene"]
[Black "Van Wely, Loek"]
[Result "0-1"]
[WhiteElo "2360"]
[BlackElo "2560"]

1.e4 c5 2.Nc3 d6 3.g3 g6 4.Bg2 Bg7 5.d3 Nc6 6.Be3 Nf6 7.h3 O-O 8.Qd2 Rb8
9.Bh6 b5 10.Bxg7 Kxg7 11.f4 Nd4 12.Nce2 e5 13.c3 Nxe2 14.Nxe2 Bb7 15.O-O c4
16.Rf2 Qb6 17.Rf1 cxd3 18.Qxd3 exf4 19.Nxf4 Rbe8 20.Nd5 Nxd5 21.exd5 Re3
22.Qd2 Rxg3 23.Kh2 Re3 24.Rf6 Re5 25.Qf4 Qc7 26.Re6 Kg8 27.Qf6 Re8 28.Rxd6 Bxd5
29.Rf4 Bxg2 30.Kxg2 Re2+ 31.Rf2 Qc4 32.Rd8 Qe4+ 33.Kg3 Qe3+ 34.Rf3 Qg1+ 35.Kh4 Re4+
36.Rf4 Rxf4+  0-1

[Event "Dortmund op-A"]
[Site "Dortmund"]
[Date "1992.??.??"]
[Round "9"]
[White "Van Wely, Loek"]
[Black "Unzicker, Wolfgang"]
[Result "1/2-1/2"]
[WhiteElo "2560"]
[BlackElo "2450"]

1.d4 Nf6 2.c4 e6 3.Nf3 d5 4.Nc3 Be7 5.Bg5 h6 6.Bxf6 Bxf6 7.e3 O-O 8.Qc2 b6
9.O-O-O Bb7 10.cxd5 exd5 11.h4 g6 12.h5 g5 13.Qf5 Bg7 14.Bd3 Re8 15.Ne5 Qf6
16.Qh7+ Kf8 17.Rh3 Rxe5 18.Rf3 Nd7 19.Bb5 Qe6 20.Bxd7 Qxd7 21.dxe5 Qe6 22.Ne2 c5
23.Rd2 Bxe5 24.Qf5 Kg8 25.Qxe6 fxe6 26.Rh3 Rf8 27.g3 Bb8 28.Rh1 Bc6 29.Rhd1 Be8
30.Rh1 Bc6 31.Rhd1 Be8 32.Rh1  1/2-1/2

[Event "Dortmund op-A"]
[Site "Dortmund"]
[Date "1992.??.??"]
[Round "11"]
[White "Van Wely, Loek"]
[Black "Zagema, Wieb"]
[Result "1-0"]
[WhiteElo "2560"]
[BlackElo "2360"]

1.d4 Nc6 2.d5 Ne5 3.e4 e6 4.Nc3 exd5 5.exd5 Bc5 6.Ne4 Qe7 7.Be2 Nf6 8.Bg5 Bb6
9.d6 Qe6 10.Bxf6 gxf6 11.Nh3 Nc4 12.Nxf6+ Qxf6 13.Bxc4 Ba5+ 14.Kf1 cxd6 15.c3 b5
16.Bd5 Rb8 17.a3 Bb6 18.Qd2 Rg8 19.Re1+ Kd8 20.Qf4 Qg6 21.Qxf7 Qd3+ 22.Kg1 Rg6
23.g3 Kc7 24.Nf4 Qc2 25.Re2 Qa4 26.Kg2 Rg5 27.Ne6+  1-0

[Event "Gausdal Int"]
[Site "Gausdal"]
[Date "1992.??.??"]
[Round "2"]
[White "Van Wely, Loek"]
[Black "Brestian, Egon"]
[Result "1/2-1/2"]
[WhiteElo "2525"]
[BlackElo "2450"]

1.d4 d5 2.c4 e6 3.Nc3 Nf6 4.cxd5 exd5 5.Bg5 c6 6.e3 Be7 7.Qc2 Nbd7 8.Bd3 Nf8
9.Nf3 Be6 10.O-O N6d7 11.Bxe7 Qxe7 12.Rfe1 Ng6 13.e4 dxe4 14.Nxe4 Nf4 15.Bc4 h6
16.Qb3 O-O-O 17.Bxe6 Nxe6 18.Rac1 Nf6 19.Nxf6 Qxf6 20.d5 Nc7 21.dxc6 bxc6
22.Re4 Rd5 23.Rb4 Rhd8 24.Rb8+ Kd7 25.Rb7 Rb5 26.Rxb5 cxb5 27.h3 a6 28.Qe3 Ne6
29.Qa7+ Ke8 30.Re1 Kf8 31.Ne5 Kg8 32.Qxa6 Rd2 33.Qa8+ Nf8 34.Ng4 Qxb2 35.Re8 Qc1+
36.Kh2 Qc7+ 37.Ne5 Kh7 38.Qe4+ Ng6 39.h4 Qc2 40.Nxf7 Qxe4 41.Rxe4 Rxf2 42.Nd6  1/2-1/2

[Event "Peer Gynt"]
[Site "Gausdal"]
[Date "1992.??.??"]
[Round "3"]
[White "Johnsen, Sverre"]
[Black "Van Wely, Loek"]
[Result "0-1"]
[WhiteElo "2220"]
[BlackElo "2525"]

1.d4 Nf6 2.Nc3 g6 3.e4 d6 4.Bc4 Bg7 5.Qe2 Nc6 6.e5 Ng4 7.Bb5 O-O 8.Bxc6 bxc6
9.Nf3 c5 10.dxc5 Nxe5 11.Nxe5 Bxe5 12.Bh6 Re8 13.O-O Rb8 14.Rab1 Bb7 15.Rfd1 Qc8
16.Qc4 Ba8 17.b4 Qf5 18.Rd3 dxc5 19.Qxc5 Qg4 20.Nd5 Bxd5 21.Rxd5 Bd6 22.Qc3 f6
23.Rd4 Qe6 24.a3 c5 25.Rdd1 cxb4 26.axb4 Rec8 27.Qd4 a6 28.Bf4 Rc4 29.Bxd6 Rxd4
30.Bxb8 Rxd1+ 31.Rxd1 Qb6 32.Bf4 Qxb4 33.Bh6  0-1

[Event "Gausdal Int"]
[Site "Gausdal"]
[Date "1992.??.??"]
[Round "3"]
[White "Berg, Klaus"]
[Black "Van Wely, Loek"]
[Result "1/2-1/2"]
[WhiteElo "2405"]
[BlackElo "2525"]

1.d4 Nf6 2.Nf3 g6 3.Bg5 Bg7 4.Nbd2 O-O 5.c3 d6 6.e4 Nbd7 7.Bd3 e5 8.O-O Qe8
9.Re1 h6 10.Bh4 b6 11.Nc4 Bb7 12.dxe5 Nxe5 13.Nfxe5 dxe5 14.b4 Nh5 15.a4 Nf4
16.Bf1 Qe6 17.f3 Bf6 18.Bf2 h5 19.Qc2 h4 20.Rad1 Be7 21.Ne3 a5 22.Bc4 Qf6
23.b5 Rad8 24.Rxd8 Rxd8 25.Rd1 Bc5 26.Ng4 Rxd1+ 27.Qxd1 Qe7 28.Bb3 Kg7 29.Qd2 Bc8
30.Ne3 Qg5 31.Kf1 Kf8 32.g3 hxg3 33.hxg3 Nh3 34.Ke2 Nxf2 35.Kxf2 Qh6 36.g4 Kg7
37.Ke2 Qh2+ 38.Kd3 Qxd2+ 39.Kxd2 Bxe3+ 40.Kxe3 f6 41.Bd5 Kf8 42.Kd3 Ke7 43.Bb3 Bd7
44.Bc2 Be6 45.c4 Kd6 46.Kc3 Kc5 47.Bd3 Bd7 48.Bb1 c6 49.Bc2 Be6 50.Bd3 Kd6
51.Bc2 c5 52.Bd3 Ke7 53.Kd2 Kf7 54.Ke3 Kg7 55.Be2 Kh6 56.Bd3 Kg5 57.Be2 f5
58.gxf5 gxf5 59.exf5 Bxf5 60.Bd1 Bb1 61.Bb3 Bh7 62.Bd1 Bg6 63.Bb3 Bb1 64.Bd1 Kf5
65.Bb3 e4 66.fxe4+ Ke5 67.Bd1 Bxe4 68.Bb3 Bb1 69.Bd1 Kf5 70.Bb3 Kg4 71.Bd1+ Kg3
72.Bb3 Bg6  1/2-1/2

[Event "Peer Gynt"]
[Site "Gausdal"]
[Date "1992.??.??"]
[Round "5"]
[White "Jansa, Vlastimil"]
[Black "Van Wely, Loek"]
[Result "1/2-1/2"]
[WhiteElo "2455"]
[BlackElo "2525"]

1.e4 d5 2.exd5 Qxd5 3.Nc3 Qa5 4.d4 c6 5.Nf3 Nf6 6.Ne5 Bf5 7.Bc4 e6 8.O-O Nbd7
9.Nxd7 Nxd7 10.Bf4 Bb4 11.Ne2 O-O 12.c3 Be7 13.Ng3 Bg6 14.Re1 b5 15.Bb3 Nf6
16.Qf3 Rac8 17.a4 Qb6 18.axb5 a6 19.h4 h6 20.h5 Bh7 21.Rxe6 fxe6 22.Bxe6+ Kh8
23.Bxc8 Rxc8 24.Qe2 Nd5 25.bxa6 Nxf4 26.Qxe7 Qxb2 27.Ra3 Nd3 28.Qb7 Qc1+
29.Kh2 Rf8 30.Qe7 Ra8 31.a7 Nxf2 32.Qb7 Ng4+  1/2-1/2

[Event "Gausdal Int"]
[Site "Gausdal"]
[Date "1992.??.??"]
[Round "5"]
[White "Engqvist, Thomas"]
[Black "Van Wely, Loek"]
[Result "0-1"]
[WhiteElo "2390"]
[BlackElo "2525"]

1.e4 d6 2.d4 Nf6 3.Bd3 g6 4.c3 Bg7 5.Nf3 O-O 6.O-O Nbd7 7.Bg5 e5 8.Nbd2 b6
9.Re1 Bb7 10.a4 a5 11.Qc2 Re8 12.Rad1 Qe7 13.Bb5 Rad8 14.b4 c6 15.Bf1 axb4
16.cxb4 exd4 17.Nxd4 c5 18.Nb5 Ne5 19.bxc5 bxc5 20.f3 h6 21.Bf4 d5 22.exd5 Nxd5
23.Bxe5 Bxe5 24.Ne4 f5 25.Ng3 Kg7 26.Rc1 Rc8 27.Qf2 f4 28.Ne4 Ne3 29.Nd2 Bc6
30.Kh1 Ra8 31.Nc4 Bxb5 32.axb5 Bd4 33.Nxe3 fxe3 34.Qg3 Qf6 35.Rb1 Bc3 36.Re2 Bd2
37.Qg4 Ra1 38.Rxa1 Qxa1 39.Qd7+ Kf8 40.Qd6+ Kf7 41.Qd5+ Re6 42.Kg1 Qd4 43.Qa2 c4
44.g3 Kg7 45.f4 Re7 46.Bg2 Ra7 47.Qc2 Ra1+ 48.Bf1 Qd3 49.Qb2+ Bc3 50.Qc2 Kh7
51.b6 Bd2 52.Qb2 Qb1 53.Qxb1 Rxb1  0-1

[Event "Peer Gynt"]
[Site "Gausdal"]
[Date "1992.??.??"]
[Round "6"]
[White "Van Wely, Loek"]
[Black "Brestian, Egon"]
[Result "1/2-1/2"]
[WhiteElo "2525"]
[BlackElo "2450"]

1.d4 d5 2.Nf3 Nf6 3.c4 e6 4.Nc3 Be7 5.Bg5 O-O 6.e3 b6 7.cxd5 Nxd5 8.Bxe7 Qxe7
9.Nxd5 exd5 10.Rb1 Bg4 11.b4 Nc6 12.a3 Bxf3 13.gxf3 Qd6 14.f4 Ne7 15.Qc2 a5
16.Bd3 axb4 17.axb4 h6 18.O-O c6 19.Rfc1 Rfc8 20.Kh1 Rc7 21.Ra1 Rxa1 22.Rxa1 Rc8
23.Qc3 c5 24.bxc5 bxc5 25.dxc5 Qxc5 26.Qxc5 Rxc5 27.Ra7 Kf8 28.Kg2 Rc3 29.Be2 Nf5
30.Bg4 Nd6 31.Bf3 Ne4 32.Ra4 f5 33.Ra5 Rd3 34.Bxe4 fxe4 35.Kf1 Kf7 36.Ke2 g5
37.fxg5 hxg5 38.f3 Kf6 39.Ra6+  1/2-1/2

[Event "Gausdal Int"]
[Site "Gausdal"]
[Date "1992.??.??"]
[Round "7"]
[White "Van Wely, Loek"]
[Black "Jansa, Vlastimil"]
[Result "1/2-1/2"]
[WhiteElo "2525"]
[BlackElo "2455"]

1.Nf3 d6 2.d4 Bg4 3.c4 Nd7 4.Nc3 e5 5.e3 Ngf6 6.h3 Bh5 7.Be2 Be7 8.O-O O-O
9.b3 Re8 10.Re1 Bf8 11.e4 c6 12.Bb2 a5 13.d5 Nc5 14.Bf1 Qb6 15.Rb1 a4 16.Bc1 axb3
17.axb3 Qb4 18.Bd2 Qa3 19.b4 Bxf3 20.Qxf3 Nb3 21.Bg5 Nd4 22.Qd3 Nd7 23.Bc1 Qa7
24.Be2 c5 25.Bg4 Nf6 26.bxc5 Qxc5 27.Rxb7 Nxg4 28.hxg4 Rec8 29.Ne2 Qxc4 30.Qxc4 Rxc4
31.Bb2 Nxe2+ 32.Rxe2 h6 33.f3 Rac8 34.Rb6 Ra4 35.Re3 Ra2 36.Ra3 Ra8 37.Rxa8 Rxa8
38.Bc3 Be7 39.Bb4 Rd8 40.g3 Kf8 41.f4 Ke8 42.Kf2 f6 43.Kf3  1/2-1/2

[Event "Helsinki op"]
[Site "Helsinki"]
[Date "1992.??.??"]
[Round "7"]
[White "Van Wely, Loek"]
[Black "Serper, Grigory"]
[Result "1-0"]
[WhiteElo "2525"]
[BlackElo "2575"]

1.d4 d5 2.c4 e6 3.Nc3 Bb4 4.Nf3 dxc4 5.e3 b5 6.a4 c6 7.Bd2 a5 8.axb5 Bxc3
9.Bxc3 cxb5 10.b3 Bb7 11.bxc4 b4 12.Bb2 Nf6 13.Bd3 Nbd7 14.Qc2 O-O 15.O-O Qc7
16.c5 h6 17.e4 Bc6 18.Rfb1 a4 19.Bc1 Rfb8 20.Nd2 b3 21.Qc3 e5 22.d5 Bxd5
23.exd5 Nxd5 24.Qc4 Qxc5 25.Bb2 Nb4 26.Be4 Qxc4 27.Nxc4 Ra7 28.Bf5 Nc2 29.Bxc2 bxc2
30.Rc1 Rc7 31.Rxa4 Nb6 32.Nxb6 Rxb6 33.Ra2 Rd7 34.Rf1 Rd2 35.Bc1 Re2 36.Be3 Rd6
37.Raa1 f5 38.Rfc1 f4 39.Kf1 Rd1+ 40.Rxd1 cxd1=Q+  1-0

[Event "Hyeres op"]
[Site "Hyeres"]
[Date "1992.??.??"]
[Round "?"]
[White "Van Wely, Loek"]
[Black "Anic, Darko"]
[Result "1-0"]
[WhiteElo "2525"]
[BlackElo "2395"]

1.d4 Nf6 2.c4 g6 3.Nc3 d5 4.Nf3 Bg7 5.Bf4 O-O 6.Rc1 c6 7.e3 Be6 8.Ng5 Bg4
9.Qb3 Qb6 10.h3 Bd7 11.Qa3 h6 12.Nf3 Be6 13.Na4 Qd8 14.Nc5 Bc8 15.Bxb8 Rxb8
16.Qxa7 Bf5 17.b4 b6 18.Na6 Ra8 19.Qb7 Qc8 20.Qxc8 Bxc8 21.b5 dxc4 22.Bxc4 Bxa6
23.bxa6 b5 24.Bb3 Rxa6 25.Ne5 e6 26.Rxc6 Rfa8 27.Rxa6 Rxa6 28.Nd3 Bf8 29.Ke2 Ba3
30.f3 Rc6 31.Rb1 Ne8 32.Bd1 Nc7 33.e4 Ra6 34.Bb3 Kf8 35.h4 Ke7 36.g4 f6 37.Nf4 g5
38.Nd3 Rd6 39.Ke3 Rc6 40.Rh1 Rc3 41.hxg5 hxg5 42.Rh7+ Kd8 43.Kd2 Rc6 44.e5 fxe5
45.Nxe5 Bc1+ 46.Ke2 Rc3 47.Nf7+ Kc8 48.Nd6+ Kb8 49.Ne4 Re3+ 50.Kd1 Bb2 51.Nxg5 Bxd4
52.Kd2 e5 53.Rf7 Na6 54.Ne6  1-0

[Event "Hyeres op"]
[Site "Hyeres"]
[Date "1992.??.??"]
[Round "?"]
[White "Van Wely, Loek"]
[Black "Vaisser, Anatoli"]
[Result "0-1"]
[WhiteElo "2525"]
[BlackElo "2540"]

1.d4 f5 2.g3 Nf6 3.Bg2 e6 4.Nf3 d5 5.O-O Bd6 6.c4 c6 7.Nbd2 b6 8.Ne5 O-O
9.Nd3 Ba6 10.Qc2 Ne4 11.b3 Nd7 12.Nf3 Rc8 13.Bf4 Qe7 14.a4 c5 15.a5 b5 16.Bxd6 Qxd6
17.b4 bxc4 18.Nxc5 Rb8 19.Rab1 Rb5 20.Rb2 Rfb8 21.Rfb1 Bc8 22.e3 Ndf6 23.Ne5 Nxc5
24.bxc5 Qa6 25.Qc3 Nd7 26.g4 Nxe5 27.dxe5 fxg4 28.e4 Rxb2 29.Rxb2 Rxb2 30.Qxb2 Qxa5
31.c6 Qb6 32.Qxb6 axb6 33.exd5 c3 34.Be4 exd5 35.Bxd5+ Kf8 36.Bb3 Ke7 37.Kf1 Bf5
38.Ke2 Be4 39.Ba4 Ke6 40.c7 Bb7 41.Kd3 c2 42.Bxc2 Kxe5 43.Kc4 Ba6+ 44.Kb4 Kd6
45.Bxh7 Kxc7 46.Kc3 Bc8 47.Kd4 Kd6 48.Bd3 Ke6 49.Ke4 Bd7 50.Kf4 Kf6 51.f3 gxf3
52.Kxf3 Ke5 53.h4 b5  0-1

[Event "Hyeres op"]
[Site "Hyeres"]
[Date "1992.??.??"]
[Round "?"]
[White "Rausis, Igors"]
[Black "Van Wely, Loek"]
[Result "1-0"]
[WhiteElo "2490"]
[BlackElo "2525"]

1.e4 d6 2.d4 g6 3.Nf3 Bg7 4.c3 Nf6 5.Bd3 O-O 6.O-O Nbd7 7.Re1 e5 8.Bg5 h6
9.Bh4 b6 10.Nbd2 Bb7 11.Qc2 Qe8 12.a4 a6 13.dxe5 dxe5 14.b4 Nh5 15.a5 Nf4
16.Bf1 f5 17.axb6 cxb6 18.Bg3 Nh5 19.exf5 gxf5 20.Nh4 e4 21.Nc4 Nxg3 22.hxg3 Qe6
23.Rad1 Bd5 24.Ne3 Bb3 25.Qb1 Ne5 26.Rd6 Qxd6 27.Qxb3+ Kh8 28.Nexf5 Qd7 29.Nxg7 Qxg7
30.Rxe4 Rae8 31.Qd1 b5 32.Qe1 Kg8 33.c4 bxc4 34.Bxc4+ Kh7 35.Qb1 Nxc4 36.Rg4+  1-0

[Event "Hyeres op"]
[Site "Hyeres"]
[Date "1992.??.??"]
[Round "?"]
[White "Bosch, Jeroen"]
[Black "Van Wely, Loek"]
[Result "0-1"]
[WhiteElo "2255"]
[BlackElo "2525"]

1.e4 c5 2.Nf3 e6 3.Nc3 d6 4.d4 cxd4 5.Nxd4 Nf6 6.Bc4 a6 7.Bb3 Be7 8.O-O O-O
9.f4 Nbd7 10.f5 Nc5 11.fxe6 fxe6 12.Nf5 Nxb3 13.Nxe7+ Qxe7 14.axb3 h6 15.Be3 Bd7
16.h3 Bc6 17.Qd3 b5 18.Rad1 Rad8 19.Bb6 Rb8 20.Ba5 d5 21.e5 Nh5 22.Ne2 Rxf1+
23.Rxf1 b4 24.Nd4 Bb5 25.Nxb5 Rxb5 26.Qg6 Rxa5 27.Qxh5 Rc5 28.Qg6 d4 29.Re1 Rd5
30.Qg4 a5 31.Re4 Qd7 32.Qg6 Qf7 33.Qg4 Qf5 34.Qe2 Qg5 35.Kh2 h5 36.h4 Qf5
37.g3 g5 38.hxg5 Qxg5 39.Kg2 Kg7 40.Qf2 Qf5 41.Qe2 a4 42.Rf4 Qxe5 43.Re4 Qf5
44.Rxe6 axb3 45.cxb3 Rc5 46.Re7+ Kf6 47.Re4 Re5 48.Rxe5 Qxe5 49.Qd2 Qe4+
50.Kf2 Kf5 51.Qxb4 Kg4 52.Qd6 Qf3+  0-1

[Event "Hyeres op"]
[Site "Hyeres"]
[Date "1992.??.??"]
[Round "?"]
[White "Kleinplatz, Sam"]
[Black "Van Wely, Loek"]
[Result "0-1"]
[WhiteElo "2295"]
[BlackElo "2525"]

1.e4 d6 2.d4 Nf6 3.Nc3 g6 4.Nf3 Bg7 5.Be2 O-O 6.O-O c6 7.h3 Nbd7 8.e5 Ne8
9.Re1 dxe5 10.dxe5 Nc7 11.Bf4 Ne6 12.Bg3 a5 13.Bc4 Ndc5 14.Qxd8 Rxd8 15.Rad1 Rxd1
16.Rxd1 b5 17.Bd3 Ba6 18.Ne4 Rd8 19.Nxc5 Nxc5 20.Bf4 b4 21.Be3 Nxd3 22.cxd3 Rxd3
23.Rc1 Bb5 24.Bb6 Bh6 25.Ra1 e6 26.Bxa5 c5 27.a3 bxa3 28.Rxa3 Rxa3 29.bxa3 Bc1
30.Bc7 c4 31.Nd4 Ba4 32.Ba5 Bxa3 33.Ne2 Bc6 34.Bc3 Kg7 35.Bd4 g5 36.f3 h5
37.Kf2 h4 38.g4 hxg3+ 39.Kxg3 Kg6 40.Kg4 Ba4 41.Bc3 Bd1 42.Nd4 Bc1 43.h4 gxh4
44.Kxh4 Bf4 45.Nb5 Bxf3 46.Nd6 Be2 47.Ne4 Bd3 48.Nf6 Kf5 49.Nd7 Bf1  0-1

[Event "Manila ol (Men)"]
[Site "Manila"]
[Date "1992.??.??"]
[Round "?"]
[White "Petrosian, Arshak B"]
[Black "Van Wely, Loek"]
[Result "1/2-1/2"]
[WhiteElo "2470"]
[BlackElo "2560"]

1.d4 Nf6 2.c4 g6 3.g3 Bg7 4.Bg2 O-O 5.Nc3 d6 6.Nf3 Nbd7 7.O-O e5 8.h3 exd4
9.Nxd4 Re8 10.e4 a6 11.Nb3 a5 12.Be3 a4 13.Nd4 Nc5 14.Qc2 h5 15.Rad1 Bd7
16.Rfe1 Nh7 17.f4 Nf6 18.Bf2 Qc8 19.Kh2 Ne6 20.Nf3 Nc5 21.Bxc5 dxc5 22.e5 Bf5
23.Qf2 Nd7 24.Ng5 Bh6 25.Nge4 Kg7 26.Nd5 Bxe4 27.Rxe4 c6 28.Nc3 f5 29.exf6+ Nxf6
30.Re5 h4 31.g4 Rxe5 32.fxe5 Nd7 33.Ne4 Qc7 34.Rxd7+ Qxd7 35.g5 Bxg5 36.Nxg5 Qe7
37.Qxh4 Qxe5+ 38.Kh1 Rd8 39.Qh7+ Kf6 40.Ne4+ Ke6 41.Qxg6+ Kd7 42.h4 Kc7 43.Qg3 Qxg3
44.Nxg3 Kd6 45.Kh2 Ke5 46.Ne4 Kd4 47.Kh3 Kxc4 48.h5 Kb4 49.a3+  1/2-1/2

[Event "Manila ol (Men)"]
[Site "Manila"]
[Date "1992.??.??"]
[Round "?"]
[White "Van Wely, Loek"]
[Black "Saltaev, Mihail"]
[Result "1-0"]
[WhiteElo "2560"]
[BlackElo "2460"]

1.d4 Nf6 2.c4 d6 3.Nf3 Nbd7 4.Nc3 c6 5.e4 e5 6.Be2 Be7 7.O-O O-O 8.Be3 Re8
9.d5 c5 10.Ne1 Rf8 11.Nd3 Ne8 12.Qd2 g6 13.b4 b6 14.a4 f5 15.Bh6 Ng7 16.a5 Rb8
17.exf5 gxf5 18.Nb5 Rb7 19.a6 Rc7 20.bxc5 bxc5 21.f4 e4 22.Nf2 Bf6 23.Ra3 Nb6
24.Nxc7 Qxc7 25.Kh1 Bd4 26.Nd1 Rf6 27.Bg5 Rg6 28.Ne3 Rxg5 29.fxg5 Qe7 30.Nc2 Bb2
31.Ra2 Be5 32.g3 Ne8 33.Ne3 Ng7 34.Rb1 Qd8 35.Ng2 Ne8 36.Nf4 Nc7 37.g6 Nxa6
38.gxh7+ Kxh7 39.Ne6 Qe7 40.Rf1 Nb4 41.Rxf5 Nxa2 42.Rf7+ Qxf7 43.Ng5+ Kg6
44.Nxf7  1-0

[Event "Munich op9192"]
[Site "Munich"]
[Date "1992.??.??"]
[Round "3"]
[White "Van Wely, Loek"]
[Black "Cladouras, Panagiotis"]
[Result "1-0"]
[WhiteElo "2475"]
[BlackElo "2370"]

1.d4 Nf6 2.Nf3 e6 3.g3 d5 4.Bg2 Be7 5.O-O O-O 6.b3 a5 7.c4 c6 8.Nc3 Nbd7
9.Bb2 Rb8 10.Ne5 Nxe5 11.dxe5 Ne8 12.Qd2 Nc7 13.Rfd1 b5 14.cxd5 cxd5 15.Qf4 Bd7
16.e4 b4 17.Ne2 Bc6 18.h4 Ba8 19.Qg4 Qe8 20.Rac1 Rc8 21.Nf4 dxe4 22.Nh5 g6
23.Nf6+ Bxf6 24.exf6 Nd5 25.Bxe4 Rxc1 26.Rxc1 Qd8 27.Qg5 Kh8 28.h5 Nc3 29.Bxa8 Ne2+
30.Kh2 Qb6 31.Rc5 Rxa8 32.Qh6  1-0

[Event "Munich op9192"]
[Site "Munich"]
[Date "1992.??.??"]
[Round "6"]
[White "Baumhus, Reinhard"]
[Black "Van Wely, Loek"]
[Result "1/2-1/2"]
[WhiteElo "2375"]
[BlackElo "2475"]

1.e4 d6 2.d4 Nf6 3.Nc3 g6 4.g3 Bg7 5.Bg2 O-O 6.Nge2 Nbd7 7.h3 c5 8.dxc5 Nxc5
9.Be3 Qa5 10.O-O Bd7 11.e5 dxe5 12.Nd5 Bb5 13.b4 Qa6 14.Nc7 Bxe2 15.Nxa6 Bxd1
16.Bxc5 Bxc2 17.Bxb7 e4 18.a4 Nd7 19.Bxe7 Rfe8 20.Bxa8 Bxa1 21.Rxa1 Rxe7
22.Nc5 Nxc5 23.bxc5 Rc7 24.Rc1 Bxa4 25.Bxe4 Kf8 26.f4 Re7 27.Bf3 Ke8 28.Kf2 Bb5
29.Rd1 Rd7 30.Ke3 Rxd1 31.Bxd1 f6 32.h4 a5 33.Kd4 a4 34.Kc3 a3 35.Bb3 Kd7
36.Kb4 Kc6 37.Bg8 h6 38.Bf7 Bd3 39.Be8+ Kd5 40.Bf7+ Kc6  1/2-1/2

[Event "Novy Smokovec"]
[Site "Novy Smokovec"]
[Date "1992.??.??"]
[Round "?"]
[White "Gdanski, Jacek"]
[Black "Van Wely, Loek"]
[Result "1/2-1/2"]
[WhiteElo "2500"]
[BlackElo "2525"]

1.e4 c5 2.Nc3 d6 3.f4 Nc6 4.Nf3 g6 5.Bc4 Bg7 6.O-O e6 7.d3 Nge7 8.Qe1 O-O
9.f5 d5 10.Bb3 c4 11.dxc4 d4 12.f6  1/2-1/2